| 000 | 01168nac a22003737a 4500 | ||
|---|---|---|---|
| 001 | BR2018002299 | ||
| 003 | BR-BrBNA | ||
| 005 | 20240105124051.0 | ||
| 008 | 230509b bl.|||m| |||| 00| 0 por d | ||
| 040 |
_aBR-BrBNA _bpor _cBiblioteca Nacional de Agricultura |
||
| 072 | _aP34 | ||
| 090 | _a0336 BR2018002299 | ||
| 100 | 1 | _aNogueira, M.A. | |
| 100 | 1 | _aPrando, A.M. | |
| 100 | 1 | _aOliveira, A.B. de | |
| 100 | 1 | _aLima, D. de | |
| 100 | 1 | _aConte, O. | |
| 100 | 1 | _aHarger, N. | |
| 100 | 1 | _aOliveira, F.T. de | |
| 100 | 1 | _aHungria, M. | |
| 110 | 1 | _aEMBRAPA Soja, Londrina, PR (Brasil) | |
| 245 | 1 | _aAções de transferência de tecnologia em inoculação/coinoculação com Bradyrhizobium e Azospirillum na cultura da soja na safra 2017/18 no estado do Paraná | |
| 260 | 3 |
_aLondrina, PR (Brasil): _c2018. |
|
| 300 | _a15 p. | ||
| 490 |
_aCircular Técnica - EMBRAPA Soja (Brazil) _vno. 143 _x1516-7860 |
||
| 500 | _a8 ref. | ||
| 650 | _aSOJA | ||
| 650 | _aBRADYRHIZOBIUM | ||
| 650 | _aINOCULAÇÃO | ||
| 650 | _aFIXAÇÃO DE NITROGÊNIO | ||
| 650 | _aPARANÁ | ||
| 909 |
_a202312 _bLúcia Elande _c55 _dLúcia Elande |
||
| 942 |
_2AGRIS _n0 _cMS |
||
| 999 |
_c298229 _d298229 |
||